Mathematik trigonometrische Werte - Statistiken

Allgemein
  • Dieses Quiz wurde 313 mal gespielt
  • Das Durchschnittsergebnis liegt bei 9 aus 25
Antwortstatistiken
Hint Antwort % Korrekt
sin(0°) 0
99%
sin(90°) 1
70%
sin(360°) 0
64%
cos(0°) 1
63%
sin(180°) 0
62%
cos(90°) 0
56%
tan(0°) 0
55%
sin(270°) -1
55%
cos(180°) -1
53%
cos(360°) 1
53%
cos(270°) 0
48%
tan(180°) 0
45%
sin(30°) 0,5
37%
tan(45°) 1
25%
tan(135°) -1
24%
cos(60°) 0,5
23%
tan(90°) nicht definiert
5%
sin(45°) 0,5*√2
3%
cos(45°) 0,5*√2
3%
sin(60°) 0,5*√3
3%
cos(30°) 0,5*√3
3%
tan(60°) √3
3%
tan(120°) -√3
3%
tan(30°) 1/3*√3
2%
tan(150°) -√3/3
2%
Keine übereinstimmenden Quizze gefunden
Verteilung der Resultate
Anzahl Personen mit jedem Resultat
Perzentil nach korrekt beantworteten Fragen
Ihre Resultats-Entwicklung
Sie haben dieses Quiz noch nicht gespielt